| 000 | 00643nam a2200205 a 4500 | ||
|---|---|---|---|
| 005 | 20260327064204.0 | ||
| 008 | 030310m19962001mx r 000 0 spa d | ||
| 020 | _a9505572204 (Buenos Aires) | ||
| 035 | _aUPN01000122674 | ||
| 049 | _aCG | ||
| 050 | 4 |
_aLB2369 _bF7.38 |
|
| 100 | 1 |
_aFragniére, Jean-Pierre, _d1944- |
|
| 245 | 1 | 0 |
_aAsí se escribe una monografía / _cJean-Pierre Fragniére ; tr. Daniel Zadunaisky. |
| 260 |
_aMéxico : _bFCE, _c1996 (2001 impr.). |
||
| 300 | _a175 p. | ||
| 440 | 0 |
_aPopular ; _v521 |
|
| 534 |
_pTraducción de: _tCommnet réussir une mémoire |
||
| 650 | 4 |
_aRedacción de informes _912161 |
|
| 905 | _aLibro | ||
| 999 |
_c94857 _d94857 |
||